LEADER 01156nam--2200421---450- 001 990003155380203316 005 20100419134113.0 010 $a2-02-009529-7 035 $a000315538 035 $aUSA01000315538 035 $a(ALEPH)000315538USA01 035 $a000315538 100 $a20081003d1987----km-y0itay50------ba 101 $afre 102 $aFR 105 $a||||||||001yy 200 1 $aRumeurs$eLe plus vieux media du monde$fJean-Noel Kapferer 210 $aParis$cSeuil$d1987 215 $a330 p.$cill.$d18 cm 410 0$12001 454 1$12001 461 1$1001-------$12001 606 0 $aComunicazione$xRumore 606 $aPercezione$xRumori 676 $a302.2 700 1$aKAPFERER,$bJean-Noël$0116558 801 0$aIT$bsalbc$gISBD 912 $a990003155380203316 951 $aI.18.B.8$b4782 DSLL 959 $aBK 969 $aDSLL 979 $aDSLL$b90$c20081003$lUSA01$h1105 979 $aDSLL$b90$c20081003$lUSA01$h1309 979 $aDSLL$b90$c20081003$lUSA01$h1310 979 $aDSLL$b90$c20100419$lUSA01$h1258 979 $aDSLL$b90$c20100419$lUSA01$h1341 996 $aRumeurs$937991 997 $aUNISA LEADER 01407nam--2200433---450- 001 990003168440203316 005 20081031141736.0 010 $a88-89014-19-9 035 $a000316844 035 $aUSA01000316844 035 $a(ALEPH)000316844USA01 035 $a000316844 100 $a20081031d2004----km-y0itay50------ba 101 $aita 102 $aIT 105 $a||||||||001yy 200 1 $aCO2 e biodiversità$eun approccio integrato a favore del clima e del patrimonio naturale$fa cura di Ian R. Swingland 210 $aMilano$cAmbiente$dcopyr. 2004 215 $a293 p.$cill.$d23 cm 225 2 $aSaggistica ambientale$v27 300 $aBibl.: p. 279-293 300 $aTrad. di vari 300 $aIn cop.: Impatto zero-Lifegate 410 0$12001$aSaggistica ambientale 454 1$12001$aCapturing carbon & conserving biodiversity: the market approach$957185 461 1$1001-------$12001 606 0 $aClima$xVariazioni$xEffetto serra 606 0 $aCarbonio$xEffetti dannosi 676 $a363.73874 702 1$aSWINGLAND,$bIan Richard 801 0$aIT$bsalbc$gISBD 912 $a990003168440203316 951 $aP13 1031$bDISTRA 959 $aBK 969 $aDISTRA 979 $aDISTRA2$b90$c20081031$lUSA01$h1343 979 $aDISTRA2$b90$c20081031$lUSA01$h1417 996 $aCapturing carbon & conserving biodiversity: the market approach$957185 997 $aUNISA